[Event "AUT-ch U10"]
[Site "St Veit"]
[Date "2023.05.28"]
[Round "5"]
[White "Pumberger, Philipp"]
[Black "Suekuen, Aziz Oemer"]
[Result "0-1"]
[WhiteElo "800"]
[BlackElo "865"]
[PlyCount "48"]
[EventDate "2023.05.27"]
[EventType "swiss"]
[EventRounds "7"]
[EventCountry "AUT"]
[SourceTitle "CBM 214 Extra"]
[Source "ChessBase"]
[SourceDate "2023.07.31"]
[SourceVersion "1"]
[SourceVersionDate "2023.07.31"]
[SourceQuality "1"]

1. e4 e5 2. Nf3 Nc6 3. Bc4 Bc5 4. 0-0 Nf6 5. d3 d6 6. Bg5 Be6 7. Bxe6 fxe6 8. Nc3 h6 9. Bh4 g5 10. Bg3 g4 11. Nh4 Qd7 12. a3 0-0-0 13. b4 Bd4 14. Qd2 d5 15. Rac1 dxe4 16. Nxe4 Nxe4 17. dxe4 Rhf8 18. Rcd1 a6 19. c3 Bb6 20. Qc1 Nd4 21. Qb2 Nf3+ 22. Nxf3 Qxd1 23. Rxd1 Rxd1+ 24. Ne1 Rxe1# 0-1

[Event "Styrian op U08/12 28th"]
[Site "Mureck"]
[Date "2022.08.07"]
[Round "5"]
[White "Schnepf, Maximilian"]
[Black "Pumberger, Philipp"]
[Result "1-0"]
[WhiteElo "1070"]
[BlackElo "800"]
[PlyCount "97"]
[EventDate "2022.08.03"]
[EventType "swiss"]
[EventRounds "9"]
[EventCountry "AUT"]
[SourceTitle "EXT 2023"]
[Source "ChessBase"]
[SourceDate "2022.10.05"]
[SourceVersion "1"]
[SourceVersionDate "2022.10.05"]
[SourceQuality "1"]

1. d4 d5 2. Bf4 Bf5 3. Nf3 e6 4. e3 Nf6 5. Bd3 Bd6 6. Ne5 Bxe5 7. Bxe5 Bg4 8. Bxf6 Bxd1 9. Bxd8 Bg4 10. Bh4 0-0 11. h3 Bf5 12. Bxf5 exf5 13. g4 fxg4 14. hxg4 h6 15. f4 Nc6 16. Nc3 Nb4 17. 0-0-0 Nc6 18. g5 hxg5 19. Bxg5 a5 20. Rh2 Nd8 21. Rdh1 f6 22. Bh4 Kf7 23. Nxd5 c6 24. Nc3 Ne6 25. Ne2 Rh8 26. Bg3 Rxh2 27. Rxh2 g5 28. fxg5 Nxg5 29. Bh4 Nf3 30. Rh1 Nxh4 31. Rxh4 Re8 32. e4 f5 33. Rf4 Kg6 34. e5 b6 35. Kd2 c5 36. c3 cxd4 37. cxd4 b5 38. Ng3 Rd8 39. Ke3 b4 40. Rxf5 Rh8 41. Ke4 Rh7 42. e6 Rh4+ 43. Ke5 Rh8 44. e7 a4 45. Rf8 Rxf8 46. exf8Q Kg5 47. Qg8+ Kh6 48. Kf5 b3 49. Qh8# 1-0